000 00721nam a2200265Ia 4500
005 20260121172949.0
008 008 260114s9999 xx 000 0 eng d
020 _a9789811629488
037 _aEBOOK
040 _aCRL
040 _beng
040 _cCRL
041 _2eng
041 _aeng
084 _qCRL
100 _aSteven Ratuva, Tara Ross, Yvonne Crichton-Hill, Arindam Basu, Patrick Vakaoti, Rosemarie Martin-Neuninger
_91094932
245 0 _aCOVID-19 and Social Protection
260 _bSpringer
260 _bSpringer
260 _c2021
856 _uhttps://link.springer.com/openurl?genre=book&isbn=978-981-16-2948-8
942 _cEBOOK
999 _c1660674
_d1660674